000 00617nam a22001937a 4500
999 _c165971
_d165971
005 20190708154316.0
010 _aENG-125849
020 _a9789386473622
_c495.00
035 _aEN-109381
037 _bDBAD/PUB
082 _a920
100 _aBakaya, Santosh
245 _aOnly in darkness can you see the stars :
_bMartin luther king JR /
_cby Santosh Bakaya
260 _aNew Delhi
_bVistasta Publishing
_c2019
270 _a2/15, Ansari Road, Daryaganj
_bNew Delhi
_e110002
300 _axix,284p.
_c21cm(pbk)
500 _aIncludes bibliographical references
942 _2ddc
_cEN
_h920
_mBAK